| 000 | 01014nam a2200265Ia 4500 | ||
|---|---|---|---|
| 003 | OSt | ||
| 005 | 20220923211508.0 | ||
| 006 | a|||||r|||| 00| 0 | ||
| 007 | ta | ||
| 008 | 220922b |||||||| |||| 00| 0 hin d | ||
| 020 |
_a9789352660476 (hbk) _c400 |
||
| 024 | _a354,144 | ||
| 037 |
_bG-948/21-22, 28/12/2021, hinohar Publisher & Distributors _cTextual |
||
| 040 |
_aARTS _cARTS _bhin |
||
| 041 |
_2hin _ahin |
||
| 082 | _aV2y7M89, 152Q7 | ||
| 100 |
_aमुुखर्जी, रूद्रांक्षु, ले. _9160630 |
||
| 245 | 0 | _aनेहरू बनाम सुभाष | |
| 246 | _aNeharū banām subhāṣha | ||
| 260 |
_aदिल्ली _b प्रभात प्रकाशन _c2017 |
||
| 300 |
_a240पृ. _ccm. |
||
| 650 |
_aइतिहास _9156320 |
||
| 942 |
_hV2y7M89, 152Q7 _cTEXL _2CC |
||
| 999 |
_c300127 _d300127 |
||